Normal view MARC view
  • Becker, Gary S.

Entry Personal Name

Number of records used in: 1

001 - CONTROL NUMBER

  • control field: 2951

003 - CONTROL NUMBER IDENTIFIER

  • control field: OSt

005 - DATE AND TIME OF LATEST TRANSACTION

  • control field: 20170509161141.0

008 - FIXED-LENGTH DATA ELEMENTS

  • fixed length control field: 170509|| aca||aabn | a|a d

040 ## - CATALOGING SOURCE

  • Original cataloging agency: OSt
  • Transcribing agency: OSt

100 ## - HEADING--PERSONAL NAME

  • Personal name: Becker, Gary S.
  • Dates associated with a name: 1930-2014.

670 ## - SOURCE DATA FOUND

  • Source citation: Work cat.: (OSt): Becker, Gary S. 1930-2014., Human capital, 1975.
Pusat Sumber Maklumat Dato' Haji Sarmin Md Hussin, Akademi Kastam Diraja Malaysia, Melaka
Tel: 06-2331106 | Faks: 06-2313787